Statistics for Manchester United Record Transfers

Click here to take the quiz!

General Stats

  • This quiz has been taken 2,760 times
    (2,410 since last reset)
  • The average score is 9 of 10

Answer Stats

Year Country Position From Transfer Fee Player % Correct
2014-2015ArgentinaFWReal Madrid75 M€Angel Di Maria
96%
2013-2014SpainMDChelsea44,73M€Juan Mata
94%
2004-2005EnglandFWEverton37M€Wayne Rooney
92%
2008-2009BulgariaFWTottenham38M€Dimitar Berbatov
90%
2002-2003EnglandDFLeeds United46M€Rio Ferdinand
89%
2014-2015EnglandDFSouthampton37,5M€Luke Shaw
87%
2014-2015SpainMDAthletic Bilbao36M€Ander Herrera
85%
2013-2014BelgiumMDEverton32,4M€Marouane Fellaini
84%
2001-2002ArgentinaMDLazio Roma42,6M€Juan Sebastian Veron
75%
2015-2016FranceMDSouthampton35M€Morgan Schneiderlin
73%

Score Distribution

Percentile by Number Answered

Percent of People with Each Score

Your Score History

You have not taken this quiz since the last reset